000
00330nam a22001457a 4500
008
221007b ||||| |||| 00| 0 eng d
020
_a
38534196X
041
_a
eng
080
_2
FOURTH EDITION
_a
611
082
_a
611 MAR
100
_a
10.2
101
_a
ANA
245
_a
HUMAN ANATOMY&PHYSIOLOGY
_c
MARIEB E
942
_2
udc
_c
BK
999
_c
58415
_d
58415